| 000 | 00583nam a2200217 a 4500 | ||
|---|---|---|---|
| 001 | 54635 | ||
| 003 | BD-RjUL | ||
| 005 | 20211209080140.0 | ||
| 008 | 161108s1993 nyub 000 0 fre d | ||
| 035 | _a(BD-RjUL)54757 | ||
| 040 |
_cBD-RjUL _dBD-RjUL _beng _aBD-RjUL |
||
| 041 | _aeng | ||
| 082 |
_223 _a823 _bFOS 1993 |
||
| 100 | 1 |
_aFollett, James _d1905- _9162946 |
|
| 245 | 0 | 0 |
_aSavant : _cJames Follett |
| 260 |
_aLondon : _bHeinemann, 1993. _c1993. |
||
| 300 |
_a240 p. ; _c23 cm. |
||
| 504 | _aBibliography: p. [8]-16. | ||
| 650 |
_aEnglish fiction _9162947 |
||
| 942 |
_2ddc _cBK |
||
| 999 |
_c54635 _d54635 |
||